Український православний Вісник (Запис № 440987)
[ простий вигляд ]
| 000 -Лідер | |
|---|---|
| fixed length control field | 00831nam a22002057a 4500 |
| 003 - Ідентифікатор контрольного номера | |
| control field | UA-OsUOA |
| 001 - Контрольний номер | |
| control field | 42489 |
| 007 - Фіксоване поле фізичного опису | |
| fixed length control field | ta |
| 008 - Елементи даних фіксованої довжини – загальна інформація | |
| fixed length control field | 20090206b un ||||| |||| 00| 0 ukr d |
| 090 ## - Локальний шифр розміщення | |
| Класифікаційний індекс УДК | 050 |
| Авторський знак (НП) | У45 |
| 040 ## - Джерело каталогізації | |
| Агенція оригінальної каталогізації | UA-OsUOA |
| Мова каталогізації | eng |
| Агенція, яка здійснювала перезапис | UA-OsUOA |
| Агенція, яка здійснювала модифікацію | UA-OsUOA |
| 041 ## - Код мови | |
| Код мови тексту/ звукової доріжки чи окремого заголовка (П) | eng |
| 080 ## - Індекс Універсальної десяткової класифікації | |
| Індекс Універсальної десяткової класифікації (УДК) (НП) | 050 |
| 245 ## - Відомості про назву | |
| Назва (НП) | Український православний Вісник |
| Решта назви (НП) | December 1975 (33). April 1976 (34). June 1976 (35). September 1976 (36). December 1976 (37). April 1977 (38). June 1977 (39). September 1977 (40).December 1977 (41). April 1978 (42). June 1978 (43). |
| 260 ## - Публікація, розповсюдження і т.п. (Вихідні дані) | |
| Місце публікації, розповсюдження і т.п. (П) | Lancaster |
| 650 #7 - Додаткове предметне введення – тематичний термін | |
| Тематичний термін чи географічна назва, як елемент введення (НП) | 050 Серійні публікації. Періодика галузі, Організація та інші типи поєднання (співробітництва) |
| Джерело заголовка чи терміна | UDC |
| 942 ## - Додаткові елементи входу (Коха) | |
| Тип елемента Koha | Журнал |
| 955 ## - Код типу видання за змістом | |
| Код типу видання за змістом (НП) | Науково-популярні видання |
Немає доступних примірників.